CD ... Les troubles spécifiques du langage Oral et Ecrit (Record no. 3882)

MARC details
000 -LEADER
fixed length control field 01270ngm a2200265 4500
008 - FIXED-LENGTH DATA ELEMENTS--GENERAL INFORMATION
fixed length control field s2005 fr fre u
020 ## - INTERNATIONAL STANDARD BOOK NUMBER
International Standard Book Number 9782866234911
040 ## - CATALOGING SOURCE
Original cataloging agency LB-BrCRDP
082 1# - DEWEY DECIMAL CLASSIFICATION NUMBER
Classification number 371.335
Item number Pédagogie
100 1# - MAIN ENTRY--PERSONAL NAME
Personal name Couteret, Patrice
245 10 - TITLE STATEMENT
Title CD ... Les troubles spécifiques du langage Oral et Ecrit
Statement of responsibility, etc. Patrice Couteret
260 ## - PUBLICATION, DISTRIBUTION, ETC.
Place of publication, distribution, etc. Paris
Name of publisher, distributor, etc. CRDP Nord - Pas de Calais
Date of publication, distribution, etc. 2005
300 ## - PHYSICAL DESCRIPTION
Dimensions 19 cm
490 0# - SERIES STATEMENT
Series statement Adapter les pratiques, intégrer les élèves.
520 ## - SUMMARY, ETC.
Summary, etc. Dysphasies et dyslexies ( avec les troubles qui leur sont souvent associés et les difficultés qui leur sont secondaires ) perturbent durablement et parfois gravement les apprentissages scolaires, le développement personnel et la vie familiale des enfants et adolescents qui en sont atteints. Pour eux, ce CD - rom tente de faire le point sur les connaissances actuelles concernant ces troubles, leurs repérages et dépistages dans et hors de l'école et sur les démarches diagnostiques.
650 4# - SUBJECT ADDED ENTRY--TOPICAL TERM
Topical term or geographic name entry element Dyslexie
650 4# - SUBJECT ADDED ENTRY--TOPICAL TERM
Topical term or geographic name entry element Apprentissage scolaire
650 4# - SUBJECT ADDED ENTRY--TOPICAL TERM
Topical term or geographic name entry element Langage
650 4# - SUBJECT ADDED ENTRY--TOPICAL TERM
Topical term or geographic name entry element Intégration
650 4# - SUBJECT ADDED ENTRY--TOPICAL TERM
Topical term or geographic name entry element Pédagogie
650 4# - SUBJECT ADDED ENTRY--TOPICAL TERM
Topical term or geographic name entry element Expression orale
650 4# - SUBJECT ADDED ENTRY--TOPICAL TERM
Topical term or geographic name entry element Expression écrite
942 ## - ADDED ENTRY ELEMENTS (KOHA)
Koha item type Visual Materials
Holdings
Withdrawn status Lost status Source of classification or shelving scheme Damaged status Not for loan Home library Current library Shelving location Date acquired Source of acquisition Cost, normal purchase price Total Checkouts Full call number Barcode Date last seen Copy number Price effective from Koha item type
    Dewey Decimal Classification     مكتبة دار المعلمين و المعلمات - بئر حسن مكتبة دار المعلمين و المعلمات - بئر حسن Salle de Lecture 11/25/2010 Ambassade de France 0.00   371.91 Cou CRB3724 07/27/2016 1 07/27/2016 Books
    Dewey Decimal Classification     مكتبة دار المعلمين و المعلمات - بئر حسن مكتبة دار المعلمين و المعلمات - بئر حسن Salle de Lecture 11/25/2010 Ambassade de France 0.00   371.91 Cou CRB3725 07/27/2016 2 07/27/2016 Books
    Dewey Decimal Classification     مكتبة دار المعلمين و المعلمات - جونية مكتبة دار المعلمين و المعلمات - جونية Salle de Lecture 11/04/2008 Ambassade de France 39.00   371.9 COU. CRJ2814 07/27/2016 1 07/27/2016 Visual Materials
    Dewey Decimal Classification     مكتبة دار المعلمين و المعلمات - جونية مكتبة دار المعلمين و المعلمات - جونية Salle de Lecture 12/03/2008 Ambassade de France 39.00   371.9 COU. CRJ2864 07/27/2016 2 07/27/2016 Visual Materials
    Dewey Decimal Classification     مكتبة دار المعلمين و المعلمات - زحلة مكتبة دار المعلمين و المعلمات - زحلة Salle de Lecture 10/16/2009 Amb. de France 39.00   371.335 Pédagogie CRZ4222 07/27/2016 1 07/27/2016 Visual Materials
    Dewey Decimal Classification     مكتبة دار المعلمين و المعلمات - زحلة مكتبة دار المعلمين و المعلمات - زحلة Salle de Lecture 10/19/2009 Amb. de France 39.00   371.335 Pédagogie CRZ4229 07/27/2016 2 07/27/2016 Visual Materials
    Dewey Decimal Classification     مكتبة دار المعلمين و المعلمات - صيدا مكتبة دار المعلمين و المعلمات - صيدا Salle de Lecture 10/08/2009 Ambassade de France 39.00   371.914 COU CRS3061 07/28/2016 1 07/28/2016 Visual Materials
    Dewey Decimal Classification     مكتبة دار المعلمين و المعلمات - طرابلس مكتبة دار المعلمين و المعلمات - طرابلس Salle de Lecture 04/09/2011 Ambassade de France 0.00   371.94 COU CRT3771 07/27/2016 1 07/27/2016 Visual Materials
    Dewey Decimal Classification     مكتبة دار المعلمين و المعلمات - طرابلس مكتبة دار المعلمين و المعلمات - طرابلس Salle de Lecture 06/01/2011 Ambassade de France 0.00   371.94 COU CRT3841 07/27/2016 2 07/27/2016 Visual Materials